000
00286nmm a2200097Ia 4500
008
220120s9999||||xx |||||||||||||||||und||
020
_a
0-07-463831-9
100
_a
PCQ
245
0
_a
March 2011 : 20 must have a tools for web proffessional, 11
260
_a
Cyber tach publication
_b
New Delhi
999
_c
139662
_d
139662